| Virtuální polytechnická knihovna - Souborný katalog - Úplný záznam dokumentu - MARC |
Uživatel: --- |
-----nas 22-----zu 4500
001 SKVPK0031853
003 CZ-VPK
005 20260422114512.0
008 260422d19381960||||| | ||| || |||||||
022 $a0369-7541
040 $aABA013$bcze
222 0$aOlii minerali, grassi e saponi, colori e vernici
245 00$aOlii minerali, grassi e saponi, colori e vernici
260 $aItálie :$bMilano : Stazione sperimentale per l'industria degli olii e de
l grassi,,$c1938-1960
650 07$aspotřební průmysl$xsp$2psh
650 07$achemie$xch$2psh
780 00$tOlii minerali, olii e grassi, colori e vernici$x0369-7258
785 00$tRivista italiana delle sostanze grasse$x0035-6808
910 $aABA013$r1960
| čtvrtek 14.05.2026 00:04:05 |
© 2001-2015 Národní technická knihovna |
[Virtuální polytechnická knihovna]
[Servisní centrum]
[Souborný katalog]